000 00650nam a2200277Ia 4500
005 20260324123627.0
008 008 260324s9999 xx 000 0 eng d
020 _a9781315596075
037 _aEBOOK
040 _aCRL
040 _beng
040 _cCRL
041 _2eng
041 _aeng
084 _qCRL
100 _aAparna Gollapudi
_91171032
245 0 _aMoral Reform in Comedy and Culture, 1696-1747
260 _bTaylor and Francis
260 _c2011
365 _a
365 _b105
856 _uhttp://www.taylorfrancis.com/books/9781315596075
942 _cEBOOK
999 _c1764724
_d1764724